| 000 | 00844cad a22002055a 4500 | ||
|---|---|---|---|
| 001 | L157252 | ||
| 008 | 121005s20121002xxk f 000 0 eng d | ||
| 035 | _a(Sirsi) u157252 | ||
| 041 | 0 | _aeng | |
| 110 | 2 |
_aNationwide Building Society _91019 |
|
| 245 | 0 | 0 |
_aNationwide house price index _bSeptember 2012 _h[electronic resource] |
| 260 | _c2012 | ||
| 490 | 0 |
_aNationwide House Price Index _vSeptember 2012 |
|
| 520 | _aUnited Kingdom house prices decreased by 0.4% in September 2012 and fell by 1.4% on a year on year basis. Predicts that that the UK housing market will remain flat over the next 12 months. | ||
| 590 | _aKA | ||
| 651 | 4 |
_aUnited Kingdom _y |
|
| 690 |
_aResidential property _96266 |
||
| 856 | 4 | 0 |
_uhttps://www.nationwide.co.uk/hpi/historical/Sep_2012.pdf _zView this item free of charge at www.nationwide.co.uk |
| 942 | _n0 | ||
| 999 |
_c114679 _d114679 |
||